|
|
|
|
| LEADER |
00000nam a2200000 4500 |
| 008 |
150807b2008 CR a|||| |||| 00| | spa d |
| 090 |
|
|
|a 02.01.02
|b 2104
|
| 100 |
1 |
|
|9 708
|a Cubero Venegas, Carmen María
|
| 245 |
1 |
0 |
|a Proceso de evaluación interna 2008: Programa mejoramiento de los procesos de enseñanza y aprendizaje /
|c coordinadora Carmen Cubero
|
| 260 |
|
|
|a San José, Costa Rica :
|b INIE,
|c [2008]
|
| 300 |
|
|
|a 1 volumen (en varias paginaciones)
|
| 610 |
2 |
4 |
|9 153
|a INSTITUTO DE INVESTIGACIÓN EN EDUCACIÓN
|
| 650 |
1 |
4 |
|9 287
|a EVALUACIÓN
|
| 650 |
1 |
4 |
|9 761
|a AUTOEVALUACIÓN
|
| 650 |
1 |
4 |
|9 762
|a PLANIFICACIÓN ESTRATÉGICA
|
| 942 |
|
|
|i 004037
|h 02.01.02 2104
|2 z
|c 01
|6 020102_2104_004037
|
| 999 |
|
|
|c 2794
|d 2794
|